000 00551nam a2200229 a 4500
003 AR-BaBNM
005 20251128203649.0
008 082120s2002 ||||||||||||||000 | spa||
040 _cAR-BaBNM
100 1 _aVernengo Prack, Silvia Elena
245 0 0 _aAdolescentes liberados
260 _aBuenos Aires
_bMazola
_c1992
300 _a124 p.
650 4 _aLITERATURA ARGENTINA
650 4 _aNOVELAS
650 4 _aADOLESCENTES
650 4 _aHISTORIAS DE AMOR
650 4 _aESCRITORES
655 _aLITERATURA
942 _cBK
998 _cMARTIN
999 _c4385
_d4385